| 000 | 01615nam a2200373 i 4500 | ||
|---|---|---|---|
| 001 | 132062 | ||
| 003 | ES-MaACL | ||
| 005 | 20251216175246.0 | ||
| 007 | t| | ||
| 008 | 070214s1973 sp cf |||| |dspa d | ||
| 080 | _a946"1936/39" | ||
| 080 | _a323.329(460)"1936/39" | ||
| 100 | 1 |
_aRojas, Carlos, _d1928- _9161767 |
|
| 245 | 1 | 0 |
_aDiez figuras ante la guerra civil _b: Diego Abad de Santillán, Manuel Azaña Díaz, Lluis Companys i Jover, Dolores Ibárruri Gómez "La Pasionaria", Antonio Machado y Ruiz, José Ortega y Gasset, Indalecio Prieto Tuero, José Antonio Primo de Rivera y Sáez de Heredia, Pablo Ruiz Picasso, Miguel de Unamuno y Jugo / _cCarlos Rojas. |
| 260 |
_aBarcelona : _bNauta, _c1973. |
||
| 300 |
_a671 p., 67 lám. : _bil. ; _c23 cm. |
||
| 490 | 1 |
_aDocumentos ; _v6 |
|
| 600 | 1 | 7 |
_2embne _917923 _aAbad de Santillán, Diego, _d1897-1983 |
| 600 | 1 | 4 |
_924223 _aAzaña, Manuel, _d1880-1940 |
| 600 | 1 | 4 |
_aCompanys, Lluís, _d1882-1940 _9242625 |
| 600 | 1 | 4 |
_9240176 _aIbárruri, Dolores, _d1895-1989 |
| 600 | 1 | 4 |
_975151 _aMachado, Antonio, _d1875-1939 |
| 600 | 1 | 4 |
_987503 _aOrtega y Gasset, José, _d1883-1955 |
| 600 | 1 | 4 |
_993889 _aPrieto, Indalecio, _d1883-1962 |
| 600 | 1 | 4 |
_9142533 _aPrimo de Rivera, José Antonio, _d1903-1936 |
| 600 | 1 | 4 |
_991794 _aPicasso, Pablo, _d1881-1973 |
| 600 | 1 | 4 |
_9111982 _aUnamuno, Miguel de, _d1864-1936 |
| 650 | 4 |
_aIntelectuales- _zEspaña- _y1936-1939. _9161799 |
|
| 651 | 4 |
_aEspaña- _xHistoria- _y1936-1939, Guerra civil. _98292 |
|
| 830 | 0 |
_aDocumentos ; _v6 _9177791 |
|
| 852 |
_aES-MaACL _jC-51886 |
||
| 942 | _2udc | ||
| 999 |
_c132062 _d132062 |
||